000 006310000a22001810004500
003 MACL
005 20160531170726.0
008 160531b xxu||||| |||| 00| 0 eng d
040 _aMACL
_cMACL
041 _aHindi
082 _a900 KEJ
100 _aकेजरीवाल, ओम प्रकाश
_955380
245 _aभारत के अतीत की खोज (1784'1838 )
_cओम प्रकाश केजरीवाल
260 _aनई दिल्‍ली
_bकिताबघर प्रकाशन
_c2011
350 _a475
650 _aइतिहास
_961105
942 _cHIN
_k900/KEJ
_2ddc
999 _c46394
_d46394